ბათუმის შოთა რუსთაველის სახელმწიფო უნივერსიტეტის ბიბლიოთეკა

European Integration Theory / (ბიბ.ჩანაწერი № 53679)

000 -LEADER
fixed length control field 00779nam a2200253Ia 4500
001 - CONTROL NUMBER
control field 20726
003 - CONTROL NUMBER IDENTIFIER
control field GE_BSU
005 - DATE AND TIME OF LATEST TRANSACTION
control field 20221114120428.0
008 - FIXED-LENGTH DATA ELEMENTS--GENERAL INFORMATION
fixed length control field 181216s2012||||xx |||||||||||||| ||eng||
020 ## - INTERNATIONAL STANDARD BOOK NUMBER
International Standard Book Number 9780199226092x
040 ## - CATALOGING SOURCE
Transcribing agency GE_BSU
041 ## - LANGUAGE CODE
Language code of text/sound track or separate title eng
080 ## - UNIVERSAL DECIMAL CLASSIFICATION NUMBER
Universal Decimal Classification number 327 W-66
100 ## - MAIN ENTRY--PERSONAL NAME
Personal name Wiener, Antje
9 (RLIN) 10395
245 ## - TITLE STATEMENT
Title European Integration Theory /
Statement of responsibility, etc. Antje Wiener, Thomas Diez.
264 ## - PRODUCTION, PUBLICATION, DISTRIBUTION, MANUFACTURE, AND COPYRIGHT NOTICE
Place of production, publication, distribution, manufacture Oxford :
Name of producer, publisher, distributor, manufacturer Oxford University Press,
Date of production, publication, distribution, manufacture, or copyright notice 2009.
300 ## - PHYSICAL DESCRIPTION
Extent 295 p. ;
Dimensions 25 cm.
653 ## - INDEX TERM--UNCONTROLLED
keyword European Integration Theory
653 ## - INDEX TERM--UNCONTROLLED
keyword Теория европейской интеграции
653 ## - INDEX TERM--UNCONTROLLED
keyword ევროპული ინტეგრაციის თეორია
700 ## - ADDED ENTRY--PERSONAL NAME
Personal name Diez, Thomas
Relator term By
9 (RLIN) 10385
942 ## - ADDED ENTRY ELEMENTS (KOHA)
Koha item type წიგნი
Source of classification or shelving scheme
ეგზემპლარები
Withdrawn status Lost status Source of classification or shelving scheme Damaged status Not for loan Permanent Location Current Location Shelving location Date acquired Cost, normal purchase price Full call number Barcode Date last seen Copy number Price effective from Koha item type Public note
          ბათუმის შოთა რუსთაველის სახელმწიფო უნივერსიტეტის მთავარი ბიბლიოთეკა ბათუმის შოთა რუსთაველის სახელმწიფო უნივერსიტეტის მთავარი ბიბლიოთეკა წიგნსაცავი 2018-12-17 96.00 327 W-66 54037 2018-12-17 54037 2018-12-17 წიგნი 96.00 GEL.